Capitales europeas que terminan con O - Estadísticas

Estadísticas generales
  • Esta prueba ha sido intentada 3.497 veces
  • La puntuación promedio es 6 de 8
Estadísticas de respuestas
Capital % Correcto
Oslo
96%
Estocolmo
76%
Mónaco
71%
Ciudad del Vaticano
68%
San Marino
66%
Luxemburgo
64%
Belgrado
58%
Sarajevo
56%
No se encontraron pruebas coincidentes
Distribución de puntuación
Porcentaje de gente con cada puntuación
Porcentaje por número respondido
Historial de tus puntuaciones
No has intentado esta prueba.